00768 a2200181 4500008004100000020001800041040004800059041000800107100002100115245012900136260005600265300003100321504005300352650006700405650003100472650005500503650002800558130821s2011 enka gr eng  a9781847203908 aCO-BoUCMbspacAdriana LeóndHenry Ríos00aeng1 aMian, Sarfraz A.10aScience and technology based regional entrepreneurship global experience in policy and program developmentcSarfraz A. Mian aLondres (Inglaterra)bEdward Elgar Publishingc2011 aix, 476 páginas,btablas aIncluye referencias bibliográficas e índices 7aDesarrollo científico y tecnológicoxAspectos económicos 7aEmprendimiento empresarial 7aInnovaciones tecnológicosxAspectos económicos 7aPolítica científica